000
00317nam a2200133Ia 4500
005
20260328101511.0
008
260328s9999||||xx |||||||||||||| ||und||
100
_a
Le Corbusier
245
0
_a
Le Voyage d' Orient /
_c
Le Corbusier
260
_b
Forces Vives
300
_a
173 p.
650
_a
Corbusier, Le
942
_c
BK
999
_c
9189
_d
9189